Graph theory : proceedings of the Eighth Yugoslav Seminar on Graph Theory, Novi Sad, April 17-18, 1987 /
Guardado en:
| Autor Corporativo: | |
|---|---|
| Otros Autores: | |
| Formato: | Libro |
| Idioma: | English |
| Publicado: |
Novi Sad :
University of Novi Sad, Institute of Mathematics,
1989.
|
| Materias: | |
| Etiquetas: |
Agregar Etiqueta
Sin Etiquetas, Sea el primero en etiquetar este registro!
|
| LEADER | 02215nam a2200217 a 4500 | ||
|---|---|---|---|
| 001 | MAT.inmabb006006 | ||
| 008 | 900213s1989####yu#a#####b####100#0#eng## | ||
| 005 | 20160318155612.0 | ||
| 245 | 1 | 0 | |a Graph theory : |b proceedings of the Eighth Yugoslav Seminar on Graph Theory, Novi Sad, April 17-18, 1987 / |c [edited by R. Tosic ... et al.]. |
| 260 | |a Novi Sad : |b University of Novi Sad, Institute of Mathematics, |c 1989. | ||
| 300 | |a 172 p. : |b il. ; |c 24 cm. | ||
| 504 | |a Incluye referencias bibliográficas. | ||
| 505 | 0 | |a Dragan M. Acketa, Graphic representations of graphic matroids on $9$ elements -- Drago M. Cvetkovic, Some graph invariants based in the eigenvectors of the adjacency matrix -- Drago Cvetkovic, Vladimir Dimitrijevic and Milan Milosavljevic, Travelling salesman problem complexity indices based on minimal spanning trees -- Drago Cvetkovic and Peter Rowlinson, Seeking counterexamples to the reconstruction conjecture for graphs: a research note -- Tomi Dolenc, $k$-connectivity and the overlapping stratified clustering algorithm -- Rade Doroslovacki and Ratko Toic, Extremal problems in a triangular grid -- Rade Doroslovacki and Jovia unic, A characterization of finite grid point sets with exact outer approximation -- Mirko Lepovic, Characterization of normal digraphs with $6$ and $7$ vertices -- Milenko V. Petric, On the generalized direct product of graphs -- Vojislav Petrovic, Some particular degree frequencies in $k$-partite tournaments -- Aleksandar Torgaev, Normal digraphs whose degrees do not exceed $3$ -- Ratko Toic, Degree frequencies in $k$-partite tournaments -- Ratko Toic, Rade Doroslovacki and Ivan Stojmenovic, Generating and counting square systems -- Janez erovnik, A randomised heuristical algorithm for graph colouring -- D. Cvetkovic, I. Gutman and T. Pisanski, A list of mathematical publications in graph theory of Yugoslav authors up to 1982. | |
| 510 | 4 | |a MR, |c 90h:05002 | |
| 111 | 2 | |a Yugoslav Seminar on Graph Theory |n (8th : |d 1987 : |c Novi Sad, Serbia) | |
| 700 | 1 | |a Tosic, R. |q (Ratho) |4 edt | |
| 650 | 0 | |a Graph theory |x Congresses. | |
| 084 | |a 05-06 |2 msc2000 | ||
| 010 | |a 90117390 | ||
| 040 | |a DLC |c DLC | ||
| 859 | |h 05 |i Y94-8 |p A-6279 |b BIB. MATEMATICA | ||
